Road analysis (Record no. 67124)

MARC details
000 -LEADER
fixed length control field 00353nam a2200145Ia 4500
100 ## - MAIN ENTRY--AUTHOR NAME
Personal name Sobhanie M
245 #0 - TITLE STATEMENT
Title Road analysis
260 ## - PUBLICATION, DISTRIBUTION, ETC. (IMPRINT)
Name of publisher Tire Science and Technology
Year of publication 2003
300 ## - PHYSICAL DESCRIPTION
Number of Pages 19-38
650 ## - SUBJECT ADDED ENTRY--TOPICAL TERM
Topical Term Explicit finite element
650 ## - SUBJECT ADDED ENTRY--TOPICAL TERM
Topical Term Impact
650 ## - SUBJECT ADDED ENTRY--TOPICAL TERM
Topical Term Transient dynamic
942 ## - ADDED ENTRY ELEMENTS (KOHA)
Koha item type Journals
Holdings
Withdrawn status Lost status Damaged status Not for loan Home library Current library Shelving location Date acquired Serial Enumeration / chronology Koha item type
      Journals RRII Library RRII Library Rubber general 17/12/2021 Volume 31, Issue 1 Journals